College physical science / (Record no. 8785)
[ view plain ]
| 000 -LEADER | |
|---|---|
| fixed length control field | 00685cam a2200253 4500 |
| 001 - CONTROL NUMBER | |
| JCCL Control Number | 8785 |
| 003 - CONTROL NUMBER IDENTIFIER | |
| JCCL marc code | BD-JhCC |
| 005 - DATE AND TIME OF LATEST TRANSACTION | |
| control field | 20180529140109.0 |
| 008 - FIXED-LENGTH DATA ELEMENTS--GENERAL INFORMATION | |
| fixed length control field | 730913s1974 nyua b 001 0 eng |
| 035 ## - SYSTEM CONTROL NUMBER | |
| system control number | (BD-JhCC)8785 |
| 040 ## - CATALOGING SOURCE | |
| Original cataloging agency | DLC |
| Transcribing agency | DLC |
| Modifying agency | DLC |
| -- | BD-JhCC |
| 041 ## - LANGUAGE CODE | |
| Language code of Book | eng |
| 082 00 - DEWEY DECIMAL CLASSIFICATION NUMBER | |
| Classification number | 500.2 |
| Author mark and Year | SLA 1974 |
| 100 1# - MAIN ENTRY--PERSONAL NAME | |
| Personal name | Slabaugh, Weldell H. |
| 245 10 - TITLE STATEMENT | |
| Title | College physical science / |
| Statement of responsibility, etc | Weldell H. Slabaugh and Alfred B. Butler |
| 250 ## - EDITION STATEMENT | |
| Edition statement | 3d ed. |
| 260 ## - PUBLICATION, DISTRIBUTION, ETC. (IMPRINT) | |
| Place of publication, distribution, etc | New York, |
| Name of publisher, distributor, etc | Harper & Row |
| Date of publication, distribution, etc | [1974] |
| 300 ## - PHYSICAL DESCRIPTION | |
| Pagination | 496 p. : |
| Other physical details | illus. |
| Dimensions | 27 cm. |
| 504 ## - BIBLIOGRAPHY, ETC. NOTE | |
| Bibliography, etc | Includes bibliographies. |
| 650 #0 - SUBJECT ADDED ENTRY--TOPICAL TERM | |
| Topical term or geographic name as entry element | Physical sciences. |
| 700 ## - ADDED ENTRY--PERSONAL NAME | |
| Personal name | Butler, Alfred B. |
| 942 ## - ADDED ENTRY ELEMENTS (KOHA) | |
| Source of classification or shelving scheme | Dewey Decimal Classification |
| Koha item type | Books |
| Source of classification or shelving scheme | Damaged status | Not for loan | Home library | Current library | Shelving location | Total Checkouts | Full call number | Barcode | Date last seen | Copy number | Koha item type |
|---|---|---|---|---|---|---|---|---|---|---|---|
| Dewey Decimal Classification | JCC Rouf Library | JCC Rouf Library | General Stacks | 500.2 SLA 1974 | 11739 | 03/03/2018 | C - 1 | Books |